Estatuto del fondo centroamericano de integración económica

Αποθηκεύτηκε σε:
Λεπτομέρειες βιβλιογραφικής εγγραφής
Μορφή: Κείμενο
Ετικέτες: Προσθήκη ετικέτας
Δεν υπάρχουν, Καταχωρήστε ετικέτα πρώτοι!

MARC

LEADER 00000 a a2200000 04500
001 16080
003
040
245 |a Estatuto del fondo centroamericano de integración económica 
773 |g número 1; páginas 200-204  
999 |c 38242  |d 38242